Five Biggest Cities A-Z on a Map - Statistics

General Stats
  • This quiz has been taken 1,504 times
  • The average score is 79 of 128
Answers on the Map
Answers color-coded by a green-red scale on the quiz's map according to % correct below.
 
Answer Stats
Letter Population City % Correct
L 14,800,000 London
96%
N 21,800,000 New York
96%
P 11,400,000 Paris
96%
M 6,700,000 Madrid
94%
C 21,500,000 Cairo
93%
I 16,200,000 Istanbul
93%
L 17,600,000 Los Angeles
93%
M 24,500,000 Mexico City
93%
M 17,400,000 Moscow
93%
R 13,300,000 Rio de Janeiro
93%
T 40,500,000 Tokyo
93%
R 3,500,000 Rome
92%
B 16,600,000 Buenos Aires
91%
B 20,000,000 Beijing
90%
D 31,300,000 Delhi
90%
V 2,900,000 Vancouver
90%
C 9,650,000 Chicago
89%
J 32,100,000 Jakarta
89%
L 11,100,000 Lima
89%
S 22,600,000 Sao Paulo
89%
W 2,350,000 Warsaw
89%
B 9,800,000 Bogota
88%
J 14,200,000 Johannesburg
88%
D 7,300,000 Dallas
87%
L 20,100,000 Lagos
87%
M 26,300,000 Manila
87%
M 25,600,000 Mumbai
87%
H 6,800,000 Houston
86%
Q 2,775,000 Quito
86%
S 34,100,000 Shanghai
86%
T 7,650,000 Toronto
86%
A 5,950,000 Alexandria
85%
A 5,900,000 Atlanta
85%
B 19,400,000 Bangkok
85%
N 4,150,000 Naples
85%
R 8,400,000 Riyadh
85%
T 15,500,000 Tehran
85%
V 2,225,000 Vienna
85%
W 8,550,000 Washington D.C.
84%
O 17,700,000 Osaka
83%
N 6,100,000 Nairobi
82%
O 3,500,000 Orlando
82%
D 5,750,000 Detroit
81%
H 10,600,000 Ho Chi Minh City
81%
P 7,350,000 Philadelphia
81%
P 4,800,000 Phoenix
81%
S 25,000,000 Seoul
81%
G 47,600,000 Guangzhou
80%
K 13,900,000 Kinshasa
80%
U 1,430,000 Ulaanbaatar
80%
Z 1,450,000 Zürich
80%
D 20,300,000 Dhaka
79%
K 18,200,000 Karachi
79%
K 17,000,000 Kolkata
79%
E 1,370,000 Edmonton
78%
F 3,275,000 Frankfurt
78%
K 9,150,000 Kuala Lumpur
77%
K 6,500,000 Khartoum
76%
R 3,550,000 Rawalpindi/Islamabad
76%
G 5,550,000 Guadalajara
74%
H 7,550,000 Hong Kong
74%
S 7,900,000 Singapore
74%
G 3,200,000 Guatemala City
73%
A 5,700,000 Amman
72%
D 6,450,000 Dar es Salaam
72%
C 11,600,000 Chennai
71%
J 5,150,000 Jeddah
71%
W 9,250,000 Wuhan
71%
X 7,100,000 Xi'an
71%
E 1,020,000 El Paso
70%
L 13,500,000 Lahore
68%
I 3,050,000 Izmir
67%
B 12,700,000 Bangalore
66%
H 10,400,000 Hyderabad
65%
T 9,150,000 Taipei
65%
Y 3,500,000 Yaoundé
63%
Y 5,750,000 Yangon
62%
O 2,650,000 Ouagadougou
61%
A 8,750,000 Ahmedabad
60%
A 5,750,000 Abidjan
58%
N 10,500,000 Nagoya
58%
R 3,850,000 Recife
58%
U 4,175,000 Urumqi
57%
C 10,000,000 Chengdu
56%
G 3,200,000 Guayaquil
56%
X 10,200,000 Xiamen
56%
F 3,725,000 Fortaleza
54%
T 13,200,000 Tianjin
53%
C 8,400,000 Chongqing
50%
P 4,150,000 Porto Alegre
50%
P 7,100,000 Pune
46%
N 6,700,000 Nanjing
45%
O 1,510,000 Oran
43%
I 3,250,000 Isfahan
41%
Q 6,250,000 Qingdao
41%
F 2,750,000 Fukuoka
39%
H 8,600,000 Hangzhou
39%
I 3,675,000 Ibadan
38%
J 4,050,000 Jaipur
36%
E 1,120,000 Erbil
35%
F 4,100,000 Fuzhou
34%
F 3,750,000 Faisalabad
33%
Z 5,100,000 Zhengzhou
33%
U 1,130,000 Ufa
32%
Q 1,320,000 Qom
30%
S 8,400,000 Shenyang
27%
W 5,400,000 Wenzhou
20%
J 4,600,000 Jinan
19%
I 3,275,000 Indore
17%
Y 1,970,000 Yogyakarta
17%
Q 1,540,000 Queretaro
14%
Z 3,600,000 Zibo
14%
U 1,100,000 Ulsan
13%
O 2,175,000 Okayama
12%
V 2,250,000 Visakhapatnam
12%
V 2,250,000 Vadodara
11%
G 3,400,000 Guiyang
10%
X 2,950,000 Xuzhou
9%
Y 2,250,000 Yantai
9%
E 1,030,000 Enugu
8%
Z 1,800,000 Zhuhai
8%
W 2,050,000 Weifang
6%
Y 1,990,000 Yangzhou
6%
V 2,075,000 Vijayawada
5%
Q 1,370,000 Qinhuangdao
4%
X 2,175,000 Xinxiang
4%
X 1,940,000 Xiangyang
3%
Z 1,530,000 Zhangjiakou
3%
No matching quizzes found
Score Distribution
Percent of People with Each Score
Percentile by Number Answered
Your Score History
You have not taken this quiz